Prečítaj a pošli ďalej fámy, folklór a internet

Bibliographic Details
Main Author: Panczová, Zuzana, 1978- (Author)
Format: Article
Language:Slovak
PhysicalDescription:Fotogr., obr.
ISSN:1335-4426
Subjects:

MARC

LEADER 00000nab a2200000 ar4500
001 vtls008962199
003 SK-MaSNL
005 20260303070718.0
008 070405c2007 xo wr|p|||||||000 b|slo
015 |a SNBRB2007/04  |2 snkbucl 
040 |a SNKBUCL  |b slo  |c SNKBUCL  |e AACR2 
041 0 |a slo 
044 |a xo  |c SK 
080 |a 008  |2 2001 
080 |a 004.738.5  |2 2001 
080 |a 398  |2 2001 
100 1 |a Panczová, Zuzana,  |d 1978-  |4 aut  |9 78850 
245 1 0 |a Prečítaj a pošli ďalej  |b fámy, folklór a internet  |c Zuzana Panczová 
300 |b Fotogr., obr. 
500 |a Do č. 5 vychádzalo periodikum ako Domino fórum 
650 0 7 |a civilizácia  |2 snkbucl  |9 887 
650 0 7 |a fámy  |2 snkbucl  |9 59351 
650 0 7 |a internet  |2 snkbucl  |9 1833 
650 0 7 |a internetová komunikácia  |2 snkbucl  |9 1849 
650 0 7 |a súčasné povesti  |2 snkbucl  |9 1068497 
650 0 7 |a súčasná folkloristika  |2 snkbucl  |9 1068498 
773 0 |t Domino efekt  |g Roč. XVI, č. 10 (2007), s. 22-23  |x 1335-4426 
852 |a SNK  |b KIS3GCP 
999 |c 1756616  |d 1758546